| 000 | 00679nam a2200241Ia 4500 | ||
|---|---|---|---|
| 003 | OSt | ||
| 005 | 20221005083117.0 | ||
| 006 | a|||||r|||| 00| 0 | ||
| 007 | ta | ||
| 008 | 221004b |||||||| |||| 00| 0 eng d | ||
| 024 | _a66272 | ||
| 037 | _cTextual | ||
| 040 |
_aCRL _cCRL _beng |
||
| 041 |
_2eng _aeng |
||
| 082 | _aV979L:19(ZR).N9, N0 | ||
| 100 |
_aKaul Man Mohini _9456208 |
||
| 245 | 0 |
_aPearls in the ocean _b Security perspective in the south -west pacific |
|
| 260 |
_aNew Delhi _bUBS India _c1990 |
||
| 300 |
_a193p. _ccm. |
||
| 650 | _aHISTORY | ||
| 942 |
_hV979L:19(ZR).N9, N0 _cTEXL _2cc |
||
| 999 |
_c990349 _d990349 |
||